Verb, Noun or Both? Quiz Stats

 Plays Quiz Updated Apr 14, 2018

Score 0/20 Timer 03:00
2 Plays Today
Question Answer Wrong Answers
Limousine Noun
89.6%
Verb
1.4%
Both
2.4%
Trip Both
88.1%
Verb
2.6%
Noun
3.1%
Slip Both
87.5%
Verb
5%
Noun
1%
Agitate Verb
85.5%
Noun
1.9%
Both
6.4%
Bridge Both
84.2%
Verb
1%
Noun
8.1%
Bowl Both
84%
Verb
1.4%
Noun
8.4%
Is Verb
83.4%
Noun
4.3%
Both
6%
Understand Verb
82.8%
Noun
3.7%
Both
7%
Catch Both
82.4%
Verb
10%
Noun
1.2%
Castigate Verb
82.3%
Noun
3.6%
Both
7.3%
Can Both
82.2%
Verb
8.1%
Noun
3.3%
Adjudicate Verb
81%
Noun
2.8%
Both
9.4%
Harp Both
80.7%
Verb
1.4%
Noun
11.3%
Refresher Noun
73.6%
Verb
5.1%
Both
15.3%
Procrastination Noun
71.6%
Verb
16.5%
Both
5.7%
Delivery Noun
64.4%
Verb
6.5%
Both
22.9%
Swagger Both
59.6%
Verb
17.6%
Noun
16.6%
Dongle Noun
53.1%
Verb
10.9%
Both
31%
Appropriate Verb
48.6%
Noun
11.2%
Both
34.2%
Tree Both
26.5%
Verb
1.4%
Noun
66%

You're not logged in!

Compare scores with friends on all Sporcle quizzes.
OR
Log In

You Might Also Like...

Show Comments

Extras

Top Quizzes Today


Score Distribution

Your Account Isn't Verified!

In order to create a playlist on Sporcle, you need to verify the email address you used during registration. Go to your Sporcle Settings to finish the process.

Report this User

Report this user for behavior that violates our Community Guidelines.

Details: